Statistics for Hotel Mario Quiz

Click here to take the quiz!

General Stats

  • This quiz has been taken 14 times
  • The average score is 8 of 14

Answer Stats

Answer% Correct
BIt's from {Bowser}!
90%
L{Luigi}, look.
90%
P PDear, {pesky} {plumbers}
80%
M Khave taken over the {Mushroom} {Kingdom}!
80%
SI hope she made lots of {spaghetti}.
80%
P P LNice of the {Princess} to invite us over for a {picnic}, eh {Luigi}?
80%
KThe {koopalings} and I
70%
YAnd {you} gotta help us.
50%
F CI dare has you to {find} her if you {can}!
50%
PWe gotta find the {Princess}.
50%
S K Pat one of my {seven} {koopa} {hotels}.
40%
I HIf you need {instructions} on how to get through the {hotels}.
40%
E I BCheck out the {enclosed} {instruction} {book}.
30%
P P GThe {Princess} is now a {permenant} {guest},
10%

Score Distribution

Percentile by Number Answered

Percent of People with Each Score

Your Score History

You have not taken this quiz